Program evaluation , an introduciton (Record no. 572973)

000 -LEADER
fixed length control field 00550nam a22001817a 4500
003 - CONTROL NUMBER IDENTIFIER
control field CEME
005 - DATE AND TIME OF LATEST TRANSACTION
control field 20210628203304.0
008 - FIXED-LENGTH DATA ELEMENTS--GENERAL INFORMATION
fixed length control field 210204b xxu||||| |||| 00| 0 eng d
020 ## - INTERNATIONAL STANDARD BOOK NUMBER
International Standard Book Number 9780495604266
040 ## - CATALOGING SOURCE
Transcribing agency .
082 ## - DEWEY DECIMAL CLASSIFICATION NUMBER
Classification number 361.0068 ROY
100 ## - MAIN ENTRY--PERSONAL NAME
Personal name Royse, David , Thyer, Bruce A , Padgett, Deborah K
9 (RLIN) 64504
245 ## - TITLE STATEMENT
Title Program evaluation , an introduciton
260 ## - PUBLICATION, DISTRIBUTION, ETC.
Place of publication, distribution, etc. AUSTRALIA
Name of publisher, distributor, etc. WADSWORTH
Date of publication, distribution, etc. 2010
300 ## - PHYSICAL DESCRIPTION
Extent XII, 401P
650 ## - SUBJECT ADDED ENTRY--TOPICAL TERM
Topical term or geographic name entry element PROGRAM EVALUATION..SAMPLING.QUALITATIVE AND MIXED METHODS IN EVALUATION.
9 (RLIN) 64505
942 ## - ADDED ENTRY ELEMENTS (KOHA)
Koha item type Book
Source of classification or shelving scheme
Holdings
Withdrawn status Lost status Damaged status Not for loan Permanent Location Current Location Shelving location Date acquired Total Checkouts Full call number Barcode Date last seen Price effective from Koha item type
        College of Electrical & Mechanical Engineering (CEME) College of Electrical & Mechanical Engineering (CEME) General Stacks 07/26/2017   361.0068 ROY CEME-45941 06/28/2021 06/28/2021 Book
© 2023 Central Library, National University of Sciences and Technology. All Rights Reserved.